000 00325nam a22001337a 4500
008 171016b xxu||||| |||| 00| 0 eng d
020 _a9780030266089
041 _aeng
080 _22ND
_a33
100 _a52
101 _aEKO
245 _aTHE ECONOMICS OF LABOR MARKETS AND LABOR RELATIONS
_cKAUFMAN,B.E
942 _2udc
_cBK
999 _c34121
_d34121